Tư tưởng triết học về con người

Spremljeno u:
Bibliografski detalji
Glavni autor: Vũ Minh Tâm
Format: Knjiga
Jezik:Undetermined
Izdano: H. Giáo Dục 1996
Teme:
Oznake: Dodaj oznaku
Bez oznaka, Budi prvi tko označuje ovaj zapis!
Thư viện lưu trữ: Trung tâm Học liệu Trường Đại học Cần Thơ
LEADER 00517nam a2200193Ia 4500
001 CTU_28847
008 210402s9999 xx 000 0 und d
020 |b 22.800đ 
082 |a 128 
082 |b T120 
100 |a Vũ Minh Tâm 
245 0 |a Tư tưởng triết học về con người 
245 0 |c Vũ Minh Tâm 
260 |a H. 
260 |b Giáo Dục 
260 |c 1996 
650 |a human philosophy 
904 |i MInh, 990306 
980 |a Trung tâm Học liệu Trường Đại học Cần Thơ